000 00622nam a2200205 a 4500
005 20230128063722.0
008 991125s1998 mx 000 0 spa u
020 _a9687798483
035 _aUPN01000004663
049 _aF
050 4 _aLE7.2531 C2k
_bS2.2
100 1 _aSalazar Silva, Carlos
245 1 0 _aAseguramiento de la calidad en la educación superior :
_bel caso de la Universidad de Colima /
_cCarlos Salazar Silva.
260 _aMéxico :
_bANUIES,
_c1998.
300 _a29 p.
440 0 _aDocumentos
610 2 4 _aUNIVERSIDAD DE COLIMA
_926252
650 2 _aEvaluación académica
_913444
905 _aLibro
999 _c4663
_d4663